India's economic performance and reforms: a perspective for the new millennium (Record no. 394235)

000 -LEADER
fixed length control field 00447cam a22001457a 4500
008 - FIXED-LENGTH DATA ELEMENTS--GENERAL INFORMATION
fixed length control field 180718b2000 xxu||||| |||| 00| 0 eng d
020 ## - INTERNATIONAL STANDARD BOOK NUMBER
International Standard Book Number 8122005942
082 ## - DEWEY DECIMAL CLASSIFICATION NUMBER
Classification number T19x54 Sw23
100 ## - MAIN ENTRY--PERSONAL NAME
Personal name Subramanian Swamy
245 ## - TITLE STATEMENT
Title India's economic performance and reforms: a perspective for the new millennium
Statement of responsibility, etc. by Subramanian Swamy
260 ## - PUBLICATION, DISTRIBUTION, ETC.
Place of publication, distribution, etc. Delhi
Name of publisher, distributor, etc. Konark
Date of publication, distribution, etc. 2000
300 ## - PHYSICAL DESCRIPTION
Extent 339p.
650 ## - SUBJECT ADDED ENTRY--TOPICAL TERM
Topical term or geographic name entry element Globalization
650 ## - SUBJECT ADDED ENTRY--TOPICAL TERM
Topical term or geographic name entry element India - Economic conditions
Holdings
Withdrawn status Lost status Damaged status Not for loan Permanent Location Current Location Date acquired Full call number Barcode Date last seen Price effective from Koha item type
        Indian Institute of Public Administration Indian Institute of Public Administration 2000-09-14 T19x54 Sw23 75715 2018-07-21 2018-07-21 Book

Powered by Koha